000 00593nam a2200217Ia 4500
003 GCL
008 140319s9999 xx 000 0 ara d
040 _aGCL /
_cGCL
082 0 4 _a551
_bع ا
100 1 _aمصطفى كامل
245 1 0 _aالارض الكوكب /
_cمصطفى كامل
700 1 _aعلى على ناصيف
300 _a227 ص
490 _aالالف كتاب
_v0
650 0 4 _aالغلاف الجوى
650 0 4 _aفيزياء الارض
650 0 4 _aالارض
650 0 4 _aالغلاف المائى
650 0 4 _aالارض - غلاف
942 _2ddc
_cBK
999 _c49603
_d49603